Proyecto: "Las compañías transnacionales en el desarrollo de la agricultura de América Latina"
Spremljeno u:
| Autor kompanije: | |
|---|---|
| Format: | Tekst |
| Izdano: |
Tegucigalpa :
|
| Oznake: |
Dodaj oznaku
Bez oznaka, Budi prvi tko označuje ovaj zapis!
|
MARC
| LEADER | 00000 a a2200000 04500 | ||
|---|---|---|---|
| 001 | 16400 | ||
| 003 | |||
| 040 | |||
| 090 | |a 013200 | ||
| 110 | |a CSUCA. Programa Centroamericano de Ciencias Sociales | ||
| 245 | |a Proyecto: "Las compañías transnacionales en el desarrollo de la agricultura de América Latina" | ||
| 260 | |a Tegucigalpa : | ||
| 300 | |a p. varia. | ||
| 999 | |c 11308 |d 11308 | ||
